| 000 | 00819nam a22002177a 4500 | ||
|---|---|---|---|
| 999 |
_c626 _d626 |
||
| 003 | AR-CdUCM | ||
| 008 | 190225b ||||| |||| 00| 0 spa d | ||
| 040 |
_aMUNICIPALIDAD PROVINCIAL DEL CUSCO _cBIBLIOTECA MUNICIPAL DEL CUSCO |
||
| 082 |
_a372.5 / _bP77D |
||
| 100 |
_aPonce, Anibal _92441 |
||
| 245 |
_aHumanismo burgués y humanismo proletario : _bde Erasmo a Romain Rolland / |
||
| 260 |
_aArgentina : _bCartago, _c1975. |
||
| 300 |
_a125 páginas ; _c19.5 cm. |
||
| 500 | _aDonación familia Nieto | ||
| 505 | _aContenido: El humanismo burgues -- Erasmo -- El humanismo proletario -- El proletario y la maquina -- La herencia cultural -- El realismo socialista ... | ||
| 650 |
_aBurguesia _92442 |
||
| 650 |
_aClases sociales _92411 |
||
| 650 |
_aRealismo _9520 |
||
| 942 |
_2ddc _cLIBROS |
||
| 945 |
_aafb _d2019-02-25 |
||